Michael Douglas Movies Quiz Stats

 Plays Quiz Updated Jan 1, 2021

Support Sporcle.
Go Orange.
Score 0/46 Timer 08:00
0 Plays Today
Year Movie % Correct
1987Wall Street
87.1%
2018Ant-Man and the Wasp
65.5%
2019Avengers: Endgame
60.4%
1995The American President
59.2%
1984Romancing the Stone
58.2%
1992Basic Instinct
57.5%
2015Ant-Man
57%
1987Fatal Attraction
53.5%
1997The Game
52.6%
1985The Jewel of the Nile
47.8%
2010Wall Street: Money Never Sleeps
44.4%
1989The War of the Roses
43%
1993Falling Down
40.9%
2000Wonder Boys
34.3%
1994Disclosure
31%
2000Traffic
30.2%
2013Last Vegas
28.3%
1998A Perfect Murder
27.6%
1989Black Rain
23.3%
1979The China Syndrome
20.6%
2001Don't Say a Word
16.6%
2003The In-Laws
16.4%
2006You, Me and Dupree
16.3%
Year Movie % Correct
2009Ghosts of Girlfriends Past
15.6%
1996The Ghost and the Darkness
15.3%
1978Coma
14.5%
1983The Star Chamber
14.4%
2011Haywire
13.9%
2006The Sentinel
13.7%
2014And So it Goes
11.3%
2007King of California
10.6%
2017Unlocked
10.2%
1985A Chorus Line
10%
2003It Runs in the Family
9.5%
2014Beyond the Reach
9.3%
2001One Night at McCool's
9.2%
1992Shining Through
8.7%
2009Solitary Man
7.3%
2018Animal World
7.3%
1979Running
5.9%
2009Beyond a Reasonable Doubt
5.8%
1980It's My Turn
5.5%
1969Hail, Hero!
5.4%
1970Adam at Six A.M.
5%
1972Napoleon and Samantha
5%
1971Summertree
4.5%

You're not logged in!

Compare scores with friends on all Sporcle quizzes.
OR
Log In

From the Vault

It Can Only Be 'M&B'

by caramba

This quiz is not to be confused with M&M's.
Remove Ads.
Support Sporcle.
Get the best of Sporcle when you Go Orange. This ad-free experience offers more features, more stats, and more fun while also helping to support Sporcle. Thank you for becoming a member.

Show Comments

Extras

Top Quizzes Today


Score Distribution

Your Account Isn't Verified!

In order to create a playlist on Sporcle, you need to verify the email address you used during registration. Go to your Sporcle Settings to finish the process.

Report this User

Report this user for behavior that violates our Community Guidelines.

Details: